00373nam a2200121Ia 4500008004100000082002000041100002200061245004400083260003200127300000900159630001800168650006500186211109s9999||||xx |||||||||||||| ||und|| a894.8123bBAL.C aBalakrishnan, C V 0aEnte Pizha Ente Pizha Ente Valiya Pizha bImprint BooksaKollamc1985 a110p xGeneral stack aMalayalam literaturevMalayalam FictionxLiteratureMalayalam